000 00307nam a2200121Ia 4500
008 220216s9999 xx 000 0 und d
100 _aThomas P.J.
245 0 _aNeed based research and its relevance
260 _bRubber Board Bulletin
_c1984
300 _a27-28
650 _aRubber research
942 _cBS
999 _c51142
_d51142